| 000 | 01872cam a2200433 a 4500 | ||
|---|---|---|---|
| 001 | 14779728 | ||
| 003 | PILC | ||
| 005 | 20160119101329.0 | ||
| 008 | 070322s2007 nyua j 000 1 eng | ||
| 010 | _a 2007925449 | ||
| 020 | _a9780545010221 | ||
| 020 | _a0545010225 | ||
| 040 |
_aDLC _cDLC _dDLC |
||
| 042 | _alcac | ||
| 050 | 0 | 0 |
_aPZ 7 _b.R79835 2007 |
| 082 | 0 | 0 |
_aFIC _bR79hp 2006 |
| 100 | 1 |
_aRowling, J. K. _917401 |
|
| 245 | 1 | 0 |
_aHarry potter and the deathly hallows _cby J.K. Rowling ; illustrations by Mary GrandPré. |
| 250 | _a1st ed. | ||
| 260 |
_aNew York, NY : _bArthur A. Levine Books, _c2007. |
||
| 300 |
_a759 p. : _bill. ; _c24 cm. |
||
| 500 | _aSequel to: Harry Potter and the Half-Blood Prince. | ||
| 520 | _aBurdened with the dark, dangerous, and seemingly impossible task of locating and destroying Voldemort's remaining Horcruxes, Harry, feeling alone and uncertain about his future, struggles to find the inner strength he needs to follow the path set out before him. | ||
| 650 | 0 |
_aPotter, Harry (Fictitious character) _vJuvenile fiction. _920010 |
|
| 650 | 0 |
_aGranger, Hermione (Fictitious character) _vJuvenile fiction. _920011 |
|
| 650 | 0 |
_aWeasley, Ron (Fictitious character) _vJuvenile fiction. _920012 |
|
| 650 | 0 |
_aHogwarts School of Witchcraft and Wizardry (Imaginary organization) _vJuvenile fiction. _920013 |
|
| 650 | 1 |
_aWizards _vFiction. _920014 |
|
| 650 | 1 |
_aMagic _vFiction. _920015 |
|
| 650 | 1 |
_aComing of age _vFiction. _920016 |
|
| 651 | 1 |
_aEngland _vFiction. _920017 |
|
| 700 | 1 |
_aGrandPré, Mary, _eill. _920018 |
|
| 856 | 4 | 2 |
_3Publisher description _uhttp://www.loc.gov/catdir/enhancements/fy1116/2007925449-d.html |
| 906 |
_a7 _bcbc _corignew _d1 _eepcn _f20 _gy-gencatlg |
||
| 942 |
_2lcc _cBK |
||
| 999 |
_c11371 _d11371 |
||